Europei 2024 - Rosa nazionale: Spagna - Statistics

Statistiche generali
  • Questo quiz è stato fatto 56 volte
  • Il punteggio medio è 15 su 27
Statistiche sulle risposte
# Ruolo Giocatore % Corretto
23 P Unai Simón
96%
19 A Lamine Yamal
94%
17 C Nico Williams
94%
7 A Álvaro Morata
92%
2 D Dani Carvajal
86%
20 C Pedri
82%
16 C Rodri
80%
24 D Marc Cucurella
78%
14 D Aymeric Laporte
76%
10 A Dani Olmo
73%
3 D Robin Le Normand
65%
21 C Mikel Oyarzabal
59%
1 P David Raya
55%
8 C Fabián Ruiz
55%
11 A Ferran Torres
55%
- Allenatore Luis de la Fuente
47%
6 C Mikel Merino
45%
25 A Fermín López
37%
22 A Jesús Navas
35%
9 A Joselu
35%
4 D Nacho
35%
18 C Martin Zubimendi
33%
12 D Alejandro Grimaldo
31%
13 P Álex Remiro
20%
5 D Daniel Vivian
20%
15 C Álex Baena
18%
26 A Ayoze Pérez
18%
Nessun quiz corrispondente trovato
Distribuzione punteggi
Percentuale di utenti per punteggio
Percentile per numero di risposta
I tuoi punteggi nel tempo
Non hai fatto questo quiz